Statistics for music trivia: 2012 songs and artists

Click here to take the quiz!

General Stats

  • This quiz has been taken 185 times
  • The average score is 7 of 15

Answer Stats

For each song I list......you give the name of the artist or group who did it% Correct
Set Fire to the RainAdele
93%
Gangnam StylePSY
93%
Moves Like JaggerMaroon 5 feat. Christina Aguilera
92%
We Are Never Ever Getting Back TogetherTaylor Swift
85%
Stronger (What Doesn't Kill You)Kelly Clarkson
77%
Somebody That I Used to KnowGotye feat. Kimbra
75%
Call Me MaybeCarly Rae Jepsen
70%
We Are Youngfun. feat. Janelle Monae
63%
Ho HeyThe Lumineers
51%
CruiseFlorida Georgia Line
22%
We Take Care of Our OwnBruce Springsteen
5%
I'll Be WaitingLenny Kravitz
5%
Simple SongThe Shins
5%
That's Why God Made the RadioThe Beach Boys
3%
Hold OnAlabama Shakes
2%

Score Distribution

Percentile by Number Answered

Percent of People with Each Score

Your Score History

You have not taken this quiz